Statistics for Nastia Liukin Cup champions

Click here to take the quiz!

General Stats

  • This quiz has been taken 4 times
  • The average score is 12 of 37

Answer Stats

YearPlaceGymUniversityAnswer% Correct
20203rdLegacy EliteCalAndi Li
100%
20182ndLegacy EliteCalAndi Li
100%
20173rdLegacy EliteCalAndi Li
100%
20201stEverestLSUHaleigh Bryant
75%
20181stEverestLSUHaleigh Bryant
75%
20191stBuckeyeAlabamaMakarri Doggette
75%
20212ndDesert LightsArizona StateAlex Theodorou
50%
20192ndSCEGAUtahJillian Hoffman
50%
20101stCincinnatiLSULexie Priessman
50%
20172ndNorth StarsGeorgiaRachael Lukacs
50%
20161stNorth StarsGeorgiaRachael Lukacs
50%
20132ndBrandy Johnson'sAlabamaAja-Monet Sims
25%
20131stRichmond OlympiadFloridaAlex McMurtry
25%
20122ndRichmond OlympiadFloridaAlex McMurtry
25%
20152ndSoutheasternUCLAAnna Glenn
25%
20121stDynamoOklahomaCharity Jones
25%
20202ndJPACMichiganJacey Vore
25%
20171stTwistarsLSUKai Rivers
25%
20193rdTexas DreamsLSUKiya Johnson
25%
20211stWorld Champions CentreArkansasLeah Smith
25%
20141stCapitalAlabamaMackenzie Brannan
25%
20151stTwin City TwistersDenverMaddie Karr
25%
20141stStars HoustonLSUMcKenna Kelley
25%
20162ndNorth StarsUtahMissy Reinstadtler
25%
20153rdIKMichiganOlivia Karas
25%
20183rdSCEGAYaleRaegan Walker
25%
20112ndCincinnatiFloridaAmelia Hundley
0%
20103rdFolgersAlabamaDiandra Milliner
0%
20123rdTwistars USANebraskaGrace Williams
0%
20111stGedderts'NebraskaGrace Williams
0%
20143rdFlamesUtahKari Lee
0%
20102ndGym World EastUtahKassandra Lopez
0%
20213rdFlorida EliteAlabamaLilly Hudson
0%
20122ndTIGARMichiganPolina Shchennikova
0%
20163rdStars HoustonStanfordRachael Flam
0%
20113rdMetroplexFloridaRachel Spicer
0%
20133rdChampionsUtahSamantha Partyka
0%

Score Distribution

Percentile by Number Answered

Percent of People with Each Score

Your Score History

You have not taken this quiz